|
|
|
|
| LEADER |
00000nab a2200000 4500 |
| 001 |
vtls011968437 |
| 003 |
SK-MaSNL |
| 005 |
20260303095713.0 |
| 008 |
200521|2020 xo q||| || ||00 0|slo |
| 040 |
|
|
|e rda
|
| 041 |
|
|
|a slo
|
| 044 |
|
|
|a xo
|c SK
|
| 072 |
|
7 |
|a 271/279
|x Kresťanské cirkvi, sekty, denominácie
|2 konspekt
|
| 080 |
|
|
|a 271/279
|2 2011
|
| 100 |
1 |
|
|a Sabovíková, Milena
|4 aut
|9 1109223
|
| 245 |
1 |
0 |
|a Ženy v dejinách evanjelickej cirkvi na Slovensku
|b Izabela Textorisová - prvá slovenská botanička
|c Milena Sabovíková
|
| 300 |
|
|
|b Fotografie
|
| 336 |
|
|
|a text
|b txt
|2 rdacontent
|
| 337 |
|
|
|a bez média
|b n
|2 rdamedia
|
| 338 |
|
|
|a zväzok
|b nc
|2 rdacarrier
|
| 600 |
1 |
7 |
|a Textorisová, Izabela,
|d 1866-1949
|2 vthk
|9 135450
|
| 610 |
2 |
7 |
|a Evanjelická cirkev a.v.
|b Cirkevný zbor (Vranov nad Topľou, Slovensko)
|2 vthk
|9 112092
|
| 650 |
0 |
7 |
|a biografie
|2 vthk
|9 111226
|
| 651 |
|
7 |
|a Vranov nad Topľou (Slovensko)
|2 vthk
|9 17494
|
| 773 |
0 |
|
|t Prameň
|g Roč.20, č.1 (2019), s.43-46
|
| 999 |
|
|
|c 1826259
|d 1828189
|